[Event "AUS-ch reserves"]
[Site "Melbourne"]
[Date "2001.12.??"]
[Round "1"]
[White "Richter, Sally Anne"]
[Black "Schulzer, Peter"]
[Result "0-1"]
[WhiteElo "1341"]
[BlackElo "1725"]
[PlyCount "90"]
[EventDate "2001.12.28"]
[EventType "swiss"]
[EventRounds "11"]
[EventCountry "AUS"]
[SourceTitle "EXT 2003"]
[Source "ChessBase"]
[SourceDate "2002.11.25"]
[SourceVersion "1"]
[SourceVersionDate "2002.11.25"]
[SourceQuality "1"]

1. d4 Nf6 2. Nf3 g6 3. Bf4 Bg7 4. e3 d5 5. Be2 0-0 6. 0-0 Nbd7 7. h3 Ne4 8. Nbd2 Ndf6 9. c4 c6 10. cxd5 cxd5 11. b3 Nc3 12. Qe1 Bd7 13. Ne5 Bf5 14. Ndf3 Rc8 15. Bd3 Bxd3 16. Nxd3 Nfe4 17. Ng5 h6 18. Nxe4 Nxe4 19. Rc1 Qb6 20. Qb4 Qxb4 21. Nxb4 Nc3 22. Kh1 e6 23. Rc2 Ne4 24. f3 Rxc2 25. Nxc2 Rc8 26. Na3 g5 27. Bh2 Nd2 28. Rf2 Rc1+ 29. Bg1 Bf8 30. Rxd2 Bxa3 31. Kh2 Bd6+ 32. g3 Bxg3+ 33. Kxg3 Rxg1+ 34. Rg2 Rc1 35. Re2 Kg7 36. Kg2 f5 37. Kf2 Kf6 38. Kg3 h5 39. f4 h4+ 40. Kf3 gxf4 41. exf4 Rc3+ 42. Re3 Rc2 43. Re2 Rc1 44. Rh2 Rc3+ 45. Ke2 Rd3 0-1